[Event "Frankfurt-ch"]
[Site "Frankfurt"]
[Date "2009.05.11"]
[Round "3"]
[White "Krueger, Till"]
[Black "Geipert, Wilfried"]
[Result "1-0"]
[WhiteElo "2063"]
[BlackElo "1716"]
[PlyCount "35"]
[EventDate "2009.04.27"]
[EventType "tourn"]
[EventRounds "7"]
[EventCountry "GER"]
[SourceTitle "EXT 2010"]
[Source "ChessBase"]
[SourceDate "2010.11.25"]
[SourceVersion "1"]
[SourceVersionDate "2010.11.25"]
[SourceQuality "1"]

1. e4 c6 2. d4 d5 3. exd5 cxd5 4. Bd3 Nc6 5. c3 Nf6 6. h3 g6 7. Nf3 Bg7 8. 0-0 0-0 9. Re1 Qc7 10. Bg5 Re8 11. Na3 e5 12. Nb5 Qb8 13. dxe5 Nxe5 14. Bf4 Nh5 15. Bh2 f5 16. Nxe5 Bxe5 17. f4 a6 18. Na3 1-0

[Event "Frankfurt-ch"]
[Site "Frankfurt"]
[Date "2009.04.27"]
[Round "1"]
[White "Reschke, Thomas"]
[Black "Geipert, Wilfried"]
[Result "1-0"]
[WhiteElo "2222"]
[BlackElo "1716"]
[PlyCount "42"]
[EventDate "2009.04.27"]
[EventType "tourn"]
[EventRounds "7"]
[EventCountry "GER"]
[SourceTitle "EXT 2010"]
[Source "ChessBase"]
[SourceDate "2010.11.25"]
[SourceVersion "1"]
[SourceVersionDate "2010.11.25"]
[SourceQuality "1"]

1. c4 Nf6 2. g3 c5 3. Bg2 d6 4. Nc3 e6 5. e4 Nc6 6. a3 g6 7. Rb1 Bg7 8. Nge2 0-0 9. 0-0 Qe7 10. d3 Bd7 11. f4 Rfd8 12. f5 exf5 13. Bg5 Qe5 14. Qd2 fxe4 15. dxe4 Be8 16. Rbe1 Ne7 17. Qf4 Qxf4 18. Rxf4 Nh5 19. Bxe7 Nxf4 20. gxf4 Rd7 21. Nd5 f5 1-0